| Tag |
First Indicator |
Second Indicator |
Subfields |
| LEADER |
00000cam a2200000Ki 4500 |
| 001 |
in00004530689 |
| 005 |
20191205081730.0 |
| 008 |
790716s1978 gw b 000 0 ger |
| 035 |
|
|
|a (OCoLC)ocm05174572
|
| 035 |
|
|
|a (OCoLC)5174572
|
| 035 |
|
|
|z (UtOrBLW)62797
|
| 035 |
|
|
|a 90080
|
| 040 |
|
|
|a AGL
|b eng
|c AGL
|d OCLCQ
|d UtOrBLW
|
| 041 |
0 |
|
|a ger
|b eng
|
| 049 |
|
|
|a TMVM
|
| 072 |
|
0 |
|a 2510
|
| 100 |
1 |
|
|a Fries, Brigitte,
|d 1947-
|
| 242 |
0 |
0 |
|a Causes and effects of social actions in a hornless cattle herd.
|y eng
|
| 245 |
1 |
0 |
|a Ursachen und Auswirkungen des Sozialgeschehens in einer hornlosen Rinderherde /
|c von Brigitte Fries.
|
| 264 |
|
1 |
|a München :
|b [publisher not identified],
|c 1978.
|
| 300 |
|
|
|a 69 pages
|
| 336 |
|
|
|a text
|2 rdacontent
|b txt
|
| 337 |
|
|
|a unmediated
|2 rdamedia
|
| 338 |
|
|
|a volume
|2 rdacarrier
|b nc
|
| 490 |
0 |
|
|a Munich. Universität. Fachbereich Tiermedizn. Inaugural-Dissertation ; [1978, no. 3]
|
| 500 |
|
|
|a English summary.
|
| 500 |
|
|
|a Includes vita.
|
| 504 |
|
|
|a Includes bibliographical references (pages 59-69).
|
| 999 |
|
|
|a MARS
|
| 999 |
f |
f |
|s 55c51bb7-fb60-3382-bc65-0d387a5eada1
|i 748fc889-b7a7-31fb-8833-71199e1ba595
|t 0
|
| 952 |
f |
f |
|p preservation
|a Texas A&M University
|b J.J. Pickle Campus
|c High Density Repository
|d Remote Storage
|t 0
|e German dissertations
|h Other scheme
|i unmediated -- volume
|m 3238902449056
|
| 998 |
f |
f |
|a German dissertations
|t 0
|l Remote Storage
|